000 00971nas a22003011i#4500
001 1094
003 ES-MaACL
005 20251015191407.0
007 t|
008 950801d18561884sp | | 1 ||pa d
022 _a1698-3483
080 _a008
080 _a929(460)
245 0 0 _aEscenas contemporáneas
_b: revista bibliográfica /
_cdir. Manuel Ovilo y Otero.
260 _aMadrid :
_bTip. Manuel G. Hernández,
_c1856-1884.
300 _a4 v. ;
_c24 cm.
310 _aIrregular
362 0 _a1856-1884.
515 _aInterrumpida entre 1867 y 1881, comienza de nuevo a publicarse de 1882 a 1884.
530 _aDisponible en formato digital.
650 7 _aCultura
_2embne
_9170963
650 0 4 _aEspañoles-
_xBiografías.
_912469
700 1 _aOvilo y Otero, Manuel,
_d1826-1885
_9130757
852 _aES-MaACL
_jG-5188-91
856 _uhttp://hemerotecadigital.bne.es/issn/1698-3483
_zHemeroteca Digital
866 0 _o1882-84.
999 _c1094
_d1094